000 00338 a2200169 4500
001 191032
020 _a978-85-7153-285-4
040 _cMagnum
100 _aMargarida, JĂșlio
240 1 0 _aA escolha
_lpor
245 1 0 _aA escolha
300 _a52
362 0 _a2012
440 1 _aRHJ
697 _aLITERATURA JUVENIL
942 _cBK
999 _c191032
_d191032